000 00412cam a2200157ua 4500
003 OSt
005 20260213112643.0
008 260213b |||||||| |||| 00| 0 eng d
041 _aeng
082 _a624.15132
_bVAR/WO
245 _aWorkshop Rock Mechanics 12-14 August 1996, New Delhi proceedings /
260 _a :
_bCentral Board of I and P ,
_c1996.
300 _a329 ; .
500 _a20239 Ref
942 _cBK
999 _c819
_d819